00719nas a2200217 a 4500001001000000003000400010005001700014008004100031040002500072043000900097245004900106260002600155300002400181310001400205362003500219500004500254500004700299650007600346651006200422999001700484000045784DLC20201002052436.0150512c19039999dr er1ndd 0 0spa d aDO-SdBNPbspacBNPHU anwdr00aEl Doctrinario :bo civilización o muerte. aSanto Domingo,c1903. av. :bil. ;c34 cm. aQuincenal1 aAño.1:no.1:(16 agosto, 1903) aDirector: Enrique Ap. Henríquez, 1903. aPeriódico quincenal de ciencias y artes.04aPeriódicosvPUBLICACIONES PERIÓDICASzRepública Dominicana973867 0aRepública DominicanavPUBLICACIONES PERIÓDICAS925092 c45273d45273